[Event "Sala op"]
[Site "Sala"]
[Date "1995.??.??"]
[Round "2"]
[White "Grechanovskaya, Elena"]
[Black "Dambrauskas, Virginijus"]
[Result "0-1"]
[WhiteElo "2100"]
[BlackElo "2340"]

1.e4 c5 2.c3 Nf6 3.e5 Nd5 4.d4 cxd4 5.Nf3 Nc6 6.Bc4 Nb6 7.Bb3 d6 8.exd6 Qxd6
9.O-O Be6 10.Na3 a6 11.Bxe6 Qxe6 12.Nxd4 Nxd4 13.Qxd4 Rd8 14.Qh4 Qc6 15.Be3 Nd5
16.Bd4 e6 17.Qg3 Bxa3 18.bxa3 Ne7 19.Rac1 Nf5 20.Qg4 h5 21.Qe2 Rh6 22.f3 Rg6
23.Bf2 h4 24.Qe4 Qc7 25.Rfd1 h3 26.Rxd8+ Kxd8 27.g4 Qd7 28.Rb1 Nd6 29.Qd3 Nb5
30.Qxd7+ Kxd7 31.c4 Nd6 32.c5 Nb5 33.a4 Nc7 34.Rxb7 e5 35.Rb6 Rc6 36.Kf1 Nd5
37.Rb7+ Rc7 38.Rxc7+ Nxc7 39.Ke2 Kc6 40.Kd3 Kd5 41.Bg3 g5 42.Bf2 Ne6 43.c6 f6
44.Be3 Kxc6 45.Kc4 Nf8 46.Bf2 Ng6 47.Kb4 e4 48.fxe4 Ne5 49.Ka5 Nxg4 50.Bg3 Ne3
51.Kxa6 Nf1 52.Bb8 g4  0-1

[Event "Sala op"]
[Site "Sala"]
[Date "1995.??.??"]
[Round "2"]
[White "Buchnicek, Petr"]
[Black "Priehoda, Vitezslav"]
[Result "1/2-1/2"]
[WhiteElo "2215"]
[BlackElo "2400"]

1.e4 c5 2.c3 Nf6 3.e5 Nd5 4.d4 cxd4 5.cxd4 Nc6 6.Nf3 d6 7.Bc4 e6 8.O-O Be7
9.exd6 Qxd6 10.Nc3 Nxc3 11.bxc3 O-O 12.Re1 b6 13.Bd3 Bb7 14.Qc2 g6 15.Bh6 Rfe8
16.h4 Rac8 17.Rab1 Bf8 18.Bg5 Bg7 19.Qe2 Ne7 20.Ba6 Bxa6 21.Qxa6 Rxc3 22.Qxa7 Nd5
23.Qa4 Rec8 24.Rec1 Qc7 25.Bd2 Rxc1+ 26.Rxc1 Qd8 27.g3 Rxc1+ 28.Bxc1 h6 29.Bd2 Qc7
30.Ne1 Kh7 31.Ng2 Ne7 32.Ne3 Nc6 33.d5 exd5 34.Nxd5 Qd6 35.Qe4 f5 36.Bf4 Qc5
37.Qe6 Nd8  1/2-1/2

[Event "Sala op"]
[Site "Sala"]
[Date "1995.??.??"]
[Round "4"]
[White "Buchnicek, Petr"]
[Black "Dambrauskas, Virginijus"]
[Result "0-1"]
[WhiteElo "2215"]
[BlackElo "2340"]

1.e4 c5 2.c3 Nf6 3.e5 Nd5 4.d4 cxd4 5.cxd4 e6 6.a3 d6 7.Nf3 Nc6 8.Bd3 Qc7
9.exd6 Bxd6 10.O-O Bd7 11.Nbd2 Be7 12.Re1 Bf6 13.Ne4 O-O-O 14.Bg5 Kb8 15.Nxf6 gxf6
16.Bh4 Qb6 17.Bc4 Nce7 18.Qd3 Ka8 19.b4 Rdg8 20.Bg3 h5 21.Reb1 f5 22.a4 h4
23.a5 Qd8 24.Bd6 Bc6 25.Bxe7 Nxe7 26.Rc1 Rg7 27.b5 Be4 28.Qa3 Rhg8 29.Bf1 Nd5
30.b6 a6 31.h3 Nf4 32.Bxa6 Rxg2+ 33.Kf1 Bxf3  0-1

[Event "Sala op"]
[Site "Sala"]
[Date "1995.??.??"]
[Round "6"]
[White "Grechanovskaya, Elena"]
[Black "Banas, Jan"]
[Result "1/2-1/2"]
[WhiteElo "2100"]
[BlackElo "2410"]

1.e4 c5 2.c3 Nf6 3.e5 Nd5 4.d4 cxd4 5.Nf3 e6 6.cxd4 d6 7.Bc4 Nb6 8.Bb3 dxe5
9.Nxe5 Nc6 10.Nxc6 bxc6 11.O-O Be7 12.Nc3 Bf6 13.Be3 Ba6 14.Re1 O-O 15.Ne4 Bc4
16.Bc2 Bd5 17.Qd3 Bxe4 18.Qxe4 g6 19.Qxc6 Bxd4 20.Rad1 Qc8 21.Qxc8 Raxc8
22.Bxd4 Rxc2 23.Rc1 Rfc8 24.Rxc2 Rxc2 25.Kf1 Kf8 26.Re3  1/2-1/2

[Event "Sala op"]
[Site "Sala"]
[Date "1995.??.??"]
[Round "6"]
[White "Buchnicek, Petr"]
[Black "Dobrotka, Martin"]
[Result "1-0"]
[WhiteElo "2215"]
[BlackElo "2255"]

1.e4 c5 2.c3 Nf6 3.e5 Nd5 4.d4 cxd4 5.cxd4 d6 6.Nf3 Nc6 7.Bc4 e6 8.O-O dxe5
9.Nxe5 Nxe5 10.dxe5 b6 11.Qf3 Qd7 12.Nc3 Bb7 13.Bb5 Bc6 14.Nxd5 exd5 15.Bxc6 Qxc6
16.Rd1 Rd8 17.Bg5 Be7 18.Bxe7 Kxe7 19.Rac1 Qb7 20.e6 fxe6 21.Qg3  1-0

[Event "Sala op"]
[Site "Sala"]
[Date "1995.??.??"]
[Round "8"]
[White "Pcola, Pavel"]
[Black "Belan, Jozef"]
[Result "1-0"]
[WhiteElo "2305"]
[BlackElo "2215"]

1.e4 c5 2.c3 Nf6 3.e5 Nd5 4.d4 cxd4 5.Nf3 e6 6.cxd4 b6 7.Nc3 Nxc3 8.bxc3 Qc7
9.Bd2 d6 10.Bd3 Bb7 11.O-O dxe5 12.Nxe5 Bd6 13.Bb5+ Nc6 14.Nxc6 Bxc6 15.Bxc6+ Qxc6
16.Qg4 Qc7 17.Qxg7 Bxh2+ 18.Kh1 O-O-O 19.Qh6 Bd6 20.c4 Rhg8 21.c5 Rg6 22.Qe3 Qc6
23.f3 bxc5 24.Rac1 Qd5 25.Kg1 Rdg8 26.Rf2 Qh5 27.Kf1 Qh2 28.g4 Qh3+ 29.Ke2 e5
30.dxc5 Bc7 31.Qe4 Rd8 32.Qf5+ Rd7 33.c6 Rxc6 34.Rxc6  1-0

[Event "San Francisco op"]
[Site "San Francisco"]
[Date "1995.??.??"]
[Round "?"]
[White "Haines, Robert"]
[Black "Shaked, Tal"]
[Result "0-1"]
[WhiteElo "2225"]
[BlackElo "2385"]

1.e4 c5 2.c3 Nf6 3.e5 Nd5 4.d4 cxd4 5.Bc4 Qc7 6.Qe2 Nb6 7.Bd3 Nc6 8.Nf3 d6
9.Bf4 Nd5 10.Bg3 dxc3 11.Nxc3 Nxc3 12.bxc3 Nxe5 13.Bxe5 dxe5 14.O-O a6 15.Nxe5 e6
16.Rad1 Bd6 17.f4 g6 18.Kh1 O-O 19.Rf3 b5 20.Rh3 Bb7 21.Qg4 Bxe5 22.Qh4 h5
23.fxe5 Qxe5 24.Re1 Qg7 25.Rg3 Rad8 26.Be2 Rd5 27.Bf3 Re5 28.Rf1 Bxf3 29.Rgxf3 Rf5
30.Qe7 Qxc3 31.Rxf5 exf5 32.Qb7 Qc4  0-1

[Event "Capps mem"]
[Site "San Francisco"]
[Date "1995.??.??"]
[Round "3"]
[White "Sevillano, Enrico"]
[Black "Baker, Jonathan"]
[Result "1-0"]
[WhiteElo "2440"]
[BlackElo "2195"]

1.e4 c5 2.c3 Nf6 3.e5 Nd5 4.d4 cxd4 5.Nf3 Nc6 6.Bc4 Nb6 7.Bb3 d5 8.exd6 e6
9.Nxd4 Nxd4 10.Qxd4 Qxd6 11.Qe4 Bd7 12.O-O Be7 13.Bf4 Qc6 14.Qe2 O-O 15.Nd2 Nd5
16.Be5 Nf6 17.Bc2 Rfd8 18.Nf3 Be8 19.Nd4 Qc5 20.Rad1 Rd5 21.Rfe1 Qb6 22.Bb3 Rdd8
23.Rd3 a5 24.Rh3 h6 25.Rg3 Bc6 26.Qe3 Kf8 27.Nxe6+  1-0

[Event "Capps mem"]
[Site "San Francisco"]
[Date "1995.??.??"]
[Round "5"]
[White "Sevillano, Enrico"]
[Black "Anderson, Renard"]
[Result "1-0"]
[WhiteElo "2440"]
[BlackElo "2310"]

1.e4 c5 2.c3 Nf6 3.e5 Nd5 4.d4 cxd4 5.Nf3 Nc6 6.Bc4 Nb6 7.Bb3 d6 8.exd6 Qxd6
9.O-O Be6 10.Na3 Bxb3 11.Qxb3 Qd5 12.Nb5 Qxb3 13.axb3 Rc8 14.Nbxd4 Nxd4 15.Nxd4 a6
16.b4 e6 17.b5 Ra8 18.Be3 Nd5 19.bxa6 bxa6 20.Ra5 Bd6 21.Rfa1 Nc7 22.Nb5 Nxb5
23.Rxb5 Bc7 24.Rc5 Bb6 25.Rc6 Bxe3 26.fxe3 a5 27.Rc5 a4 28.Rxa4 Rxa4 29.Rc8+ Kd7
30.Rxh8 Ra1+ 31.Kf2 Rc1 32.Rxh7 Rc2+ 33.Kf3 Rxb2 34.Rxg7 Ke7 35.Ke4 Kf6 36.Rg3 Ke7
37.h4 Rd2 38.h5 f5+ 39.Ke5 Rd5+ 40.Kf4 Kf6 41.h6 e5+ 42.Kf3 Rd8 43.h7 Rh8
44.Rh3 Kg5 45.c4 Kg6 46.c5 Kg7 47.c6 Kg6 48.c7 Kg7 49.Rg3+ Kf7 50.Rg8  1-0

[Event "San Luis Clarin GP"]
[Site "San Luis"]
[Date "1995.??.??"]
[Round "2"]
[White "Gomez Baillo, Jorge H"]
[Black "Panno, Oscar"]
[Result "1/2-1/2"]
[WhiteElo "2415"]
[BlackElo "2530"]

1.e4 c5 2.c3 Nf6 3.e5 Nd5 4.Nf3 e6 5.Bc4 d6 6.d4 Nc6 7.O-O Nb6 8.Bd3 cxd4
9.cxd4 Be7 10.Nc3 O-O 11.Qe2 Bd7 12.Qe4 g6 13.Bh6 f5 14.Qf4 dxe5 15.dxe5 Rf7  1/2-1/2

[Event "San Luis Clarin GP"]
[Site "San Luis"]
[Date "1995.??.??"]
[Round "3"]
[White "Gomez Baillo, Jorge H"]
[Black "Hoffman, Alejandro"]
[Result "1/2-1/2"]
[WhiteElo "2415"]
[BlackElo "2515"]

1.e4 c5 2.c3 Nf6 3.e5 Nd5 4.Nf3 Nc6 5.d4 cxd4 6.Bc4 Nb6 7.Bb3 d5 8.exd6 Qxd6
9.O-O Be6 10.Na3 dxc3 11.Nb5 Qxd1 12.Rxd1 Rc8 13.Bxe6 fxe6 14.Nxc3 h6  1/2-1/2

[Event "San Sebastian op"]
[Site "San Sebastian"]
[Date "1995.??.??"]
[Round "6"]
[White "Huesmann, Thomas"]
[Black "Gomez Esteban, Juan Mario"]
[Result "0-1"]
[WhiteElo "2225"]
[BlackElo "2440"]

1.e4 c5 2.c3 Nf6 3.e5 Nd5 4.d4 cxd4 5.Bc4 e6 6.cxd4 d6 7.Nf3 Be7 8.O-O O-O
9.Re1 b6 10.Nbd2 dxe5 11.dxe5 Ba6 12.Bxa6 Nxa6 13.Ne4 Nc5 14.Nxc5 Bxc5 15.Ng5 h6
16.Ne4 Qh4 17.Nxc5 bxc5 18.Qf3 Rab8 19.Re4 Qe7 20.b3 Rfd8 21.Rg4 f5 22.Rc4 Rb4
23.Ba3 Rxc4 24.bxc4 Nb4 25.Bxb4 cxb4 26.Qe3 Rc8 27.Rc1 Qc5 28.Qxc5 Rxc5 29.f4 Kf7
30.Kf2 Ra5 31.Rc2 Ra3 32.Ke2 Ke7 33.Kd2 Kd7 34.Kc1 Kc6 35.Kb2 Rd3 36.c5 a5
37.a3 Rxa3 38.Rd2 Kxc5 39.Rd6 Re3 40.Rxe6 a4 41.Rg6 a3+  0-1

[Event "Santiago op"]
[Site "Santiago"]
[Date "1995.??.??"]
[Round "?"]
[White "Acs, Peter"]
[Black "Ruiz, Jose Hervas"]
[Result "0-1"]
[WhiteElo "2240"]
[BlackElo "2250"]

1.e4 c5 2.c3 Nf6 3.e5 Nd5 4.d4 cxd4 5.Nf3 e6 6.cxd4 b6 7.Nc3 Nxc3 8.bxc3 Qc7
9.Bd2 Bb7 10.Bd3 d6 11.O-O Nd7 12.Re1 dxe5 13.Nxe5 Nxe5 14.Rxe5 Bd6 15.Rh5 g6
16.Rh3 O-O 17.Rc1 Bf4 18.Qe2 Rad8 19.Rd1 Qc6 20.f3 Qc7 21.Be1 Rfe8 22.Bb5 Bc6
23.Bxc6 Qxc6 24.Rh4 e5 25.Qd3 Bg5 26.d5 Bxh4 27.Bxh4 Qc5+ 28.Kf1 Rd6 29.c4 f6
30.Bf2 Qa5 31.Qb3 Rc8 32.Be1 Qa6 33.Bb4 Rd7 34.Rc1 Rxd5 35.Kg1 Rd4 36.c5+ Kg7
37.Qe6 Rc7 38.c6 Qc8  0-1

[Event "Santiago op"]
[Site "Santiago"]
[Date "1995.??.??"]
[Round "?"]
[White "Acs, Peter"]
[Black "Reinaldo Castineira, Roi"]
[Result "1-0"]
[WhiteElo "2240"]
[BlackElo "2205"]

1.e4 c5 2.c3 Nf6 3.e5 Nd5 4.d4 cxd4 5.Nf3 e6 6.cxd4 b6 7.Bd3 Bb7 8.Nc3 Nxc3
9.bxc3 Qc7 10.Bd2 d6 11.O-O Nd7 12.Re1 Be7 13.Bf4 Rc8 14.Rc1 a6 15.c4 dxe5
16.Nxe5 Nxe5 17.Bxe5 Bd6 18.c5 Bxe5 19.Rxe5 bxc5 20.Rexc5 Qd7 21.Qh5 g6 22.Rxc8+ Bxc8
23.Qc5 Bb7 24.Rb1 Qc8 25.Qd6 Qa8 26.Bc2 f5 27.Qxe6+ Kd8 28.Ba4 Qc8 29.Qf6+  1-0

[Event "Asia-chT"]
[Site "Singapore"]
[Date "1995.??.??"]
[Round "3"]
[White "Handoko, Edhi"]
[Black "Dao Thien Hai"]
[Result "1-0"]
[WhiteElo "2495"]
[BlackElo "2545"]

1.e4 c5 2.c3 Nf6 3.e5 Nd5 4.d4 cxd4 5.Nf3 Nc6 6.Bc4 Nb6 7.Bb3 g6 8.Ng5 d5
9.exd6 e6 10.cxd4 Bg7 11.Ne4 O-O 12.Nbc3 f5 13.Bg5 Qe8 14.Nd2 h6 15.Be7 Nxe7
16.dxe7 Qxe7 17.Nf3 Nd5 18.O-O Nf4 19.Ne2 Nh5 20.Re1 Kh7 21.Ng3 Nf4 22.Qd2 Qd6
23.Ne5 g5 24.Rad1 b6 25.Ne2 Nd5 26.Nc3 Nf4 27.Ne2 Nd5 28.h4 gxh4 29.Bxd5 Qxd5
30.Nf4 Qd6 31.Qe2 Qd8 32.Qf3 Ba6 33.Nxe6 Qd6 34.Nxf8+ Rxf8 35.Qa3 Qxa3 36.bxa3 Rd8
37.d5 Rd6 38.Nf7 Rd7 39.Ne5 Rd6 40.Nf3 Bf6 41.Re6 Rxe6 42.dxe6 Kg6 43.Rd7 Bc8
44.Rxa7 Bxe6 45.Rb7 f4 46.Rxb6 Kf5 47.a4 Bd5 48.Kh2 Bxa2 49.a5 Bd8 50.Rb5+ Ke6
51.a6 Bc4 52.a7  1-0

[Event "Asia-chT"]
[Site "Singapore"]
[Date "1995.??.??"]
[Round "9"]
[White "Handoko, Edhi"]
[Black "Xu Jun"]
[Result "0-1"]
[WhiteElo "2495"]
[BlackElo "2535"]

1.e4 c5 2.c3 Nf6 3.e5 Nd5 4.d4 cxd4 5.Nf3 Nc6 6.Bc4 Nb6 7.Bb3 g6 8.Ng5 d5
9.exd6 e6 10.Qf3 f5 11.Bxe6 Bxe6 12.Nxe6 Qxd6 13.Nxd4 Nxd4 14.cxd4 Qd5 15.Qxd5 Nxd5
16.O-O Rc8 17.Nd2 Bg7 18.Re1+ Kd7 19.Nf3 Rhe8 20.Ne5+ Bxe5 21.dxe5 Rc2 22.b3 f4
23.Rd1 Ke6 24.Ba3 Rec8 25.Rd3 Re2 26.Rad1 Nc3 27.Ra1 Ne4 28.f3 Ng5 29.Rd6+ Kf5
30.Rd5 Ne6 31.Kh1 Rcc2 32.Rad1 Rxa2 33.Bb4 h6 34.h4 g5 35.Rd7 gxh4 36.Rf7+ Kg5
37.Be7+ Kh5 38.Rf5+ Ng5 39.Rxf4 h3 40.Bxg5 hxg5 41.Rf7 hxg2+ 42.Kh2  0-1

[Event "Sitges op"]
[Site "Sitges"]
[Date "1995.??.??"]
[Round "6"]
[White "Goris, Antonius"]
[Black "Ruiz, Richard"]
[Result "0-1"]
[WhiteElo "2080"]
[BlackElo "2195"]

1.e4 c5 2.c3 Nf6 3.e5 Nd5 4.d4 cxd4 5.cxd4 g6 6.Nf3 Bg7 7.Nc3 Nxc3 8.bxc3 d5
9.c4 O-O 10.Qb3 dxc4 11.Bxc4 Nc6 12.Bb2 Na5 13.Qb4 Nxc4 14.Qxc4 Be6 15.Qb4 a5
16.Qa3 Bc4 17.Nd2 Ba6 18.Rc1 Bh6 19.Rc2 Rc8 20.Rxc8 Qxc8 21.Qc5 Qg4  0-1

[Event "CRO-ch"]
[Site "Slavonski Brod"]
[Date "1995.??.??"]
[Round "?"]
[White "Loncar, Robert"]
[Black "Palac, Mladen"]
[Result "0-1"]
[WhiteElo "2385"]
[BlackElo "2545"]

1.e4 c5 2.c3 Nf6 3.e5 Nd5 4.g3 d6 5.exd6 Qxd6 6.Bg2 Nc6 7.Ne2 g6 8.d4 cxd4
9.Nxd4 Bg7 10.Ne2 Be6 11.O-O Rd8 12.Nd2 Qc7 13.Qa4 O-O 14.Qh4 Nb6 15.Re1 Ne5
16.Nf4 Bf5 17.Nf3 Nxf3+ 18.Bxf3 Bf6 19.Qh6 Bg7 20.Qh4 Bf6 21.Qh6 e5 22.Ng2 Qe7
23.Ne3 Be6 24.Ng4 Bg7 25.Qe3 Rfe8 26.Qg5 f6 27.Qh4 h5 28.Ne3 Qf7 29.Qb4 f5
30.Ng2 Bf8 31.Qh4 Nc4 32.Bg5 Rd7 33.b3 Na3 34.Rxe5 Bg7 35.Re2 Nb5 36.Rc1 Nxc3
37.Rec2 Bd5 38.Bxd5 Qxd5 39.Nf4 Qf3 40.Rxc3 Bxc3 41.Bf6 Rd2 42.Nh3 Rd1+ 43.Rxd1 Qxd1+
44.Kg2 Qd5+ 45.f3 Re2+ 46.Nf2 Qc5  0-1

[Event "Soest op"]
[Site "Soest"]
[Date "1995.??.??"]
[Round "8"]
[White "Jonkman, Harmen"]
[Black "De Vreugt, Dennis"]
[Result "1-0"]
[WhiteElo "2290"]
[BlackElo "2270"]

1.e4 c5 2.c3 Nf6 3.e5 Nd5 4.d4 cxd4 5.Nf3 e6 6.cxd4 d6 7.a3 Bd7 8.Bd3 Bc6
9.O-O Nd7 10.b4 a6 11.Re1 Be7 12.Nbd2 Nf4 13.Be4 d5 14.Bc2 Bb5 15.Nb3 Ng6
16.Nc5 b6 17.Nxd7 Qxd7 18.Bg5 Rc8 19.h4 Qd8 20.Rc1 Nxh4 21.Bd2 Ng6 22.g3 Rc4
23.Ra1 Rc7 24.Kg2 Qc8 25.Bb1 Qd7 26.a4 Bc4 27.Rh1 Kd8 28.Ne1 Nf8 29.Qg4 g6
30.Qf3 Qe8 31.Nc2 Kc8 32.Bh6 Kb8 33.Qe3 Qd8 34.Qd2 Ka7 35.Ne3 Bb3 36.Bd3 Qd7
37.Qe2 Qc8 38.f3 f5 39.Rhb1 Bc4 40.Bxc4 dxc4 41.d5 exd5 42.Nxd5 Rd7 43.Rd1 g5
44.a5 Rxd5 45.axb6+ Kxb6 46.Rxd5 Ne6 47.Qf2+ Kc6 48.Raa5 Rd8 49.Rxd8 Qxd8
50.Rxa6+ Kd7 51.Qb6 c3 52.Qb5+  1-0

[Event "Sollentuna op"]
[Site "Sollentuna"]
[Date "1995.??.??"]
[Round "5"]
[White "Wieweg, Johnny"]
[Black "Andersson, Mats"]
[Result "1-0"]
[WhiteElo "2270"]
[BlackElo "2350"]

1.e4 c5 2.c3 Nf6 3.e5 Nd5 4.d4 cxd4 5.Nf3 e6 6.cxd4 d6 7.a3 Bd7 8.Bd3 Bc6
9.O-O Nd7 10.b4 a6 11.Nbd2 Nf4 12.Be4 d5 13.Bc2 Bb5 14.Re1 Bd3 15.g3 Bxc2
16.Qxc2 Rc8 17.Qb3 Ng6 18.h4 h5 19.Ng5 Ne7 20.Bb2 Nc6 21.Qf3 Qe7 22.Rac1 Nb6
23.Rc2 Qd7 24.Rec1 Nd8 25.Rxc8 Nxc8 26.Nb3 Nb6 27.Na5 Be7 28.Nh3 Nc6 29.Nxc6 bxc6
30.Nf4 Nc4 31.Rc2 g6 32.Bc1 Qa7 33.Be3 Nxa3 34.Rxc6 Qb7 35.Rc3 Nb5 36.Rc1 Bxb4
37.Nxe6 fxe6 38.Qf6  1-0

[Event "St Ingbert op"]
[Site "St Ingbert op"]
[Date "1995.??.??"]
[Round "8"]
[White "Pirrot, Dieter"]
[Black "Gyimesi, Zoltan"]
[Result "0-1"]
[WhiteElo "2400"]
[BlackElo "2525"]

1.e4 c5 2.c3 Nf6 3.e5 Nd5 4.d4 cxd4 5.cxd4 d6 6.Bc4 Nb6 7.Bb5+ Bd7 8.e6 Bxb5
9.Qh5 Qc8 10.Qxb5+ Kd8 11.Be3 fxe6 12.Nc3 Qc4 13.Qg5 Nd5 14.Nge2 Nxc3 15.Nxc3 Nc6
16.O-O-O g6 17.d5 Nb4 18.dxe6 Nxa2+ 19.Kc2 Nxc3 20.Qa5+ Qc7 21.Qxc3 Bg7 22.Qxc7+ Kxc7
23.h4 Raf8 24.Rd5 b6 25.h5 Be5 26.hxg6 hxg6 27.Rxh8 Rxh8 28.f4 Bf6 29.Rd2 Kc6
30.g4 Rh3 31.Re2 d5 32.g5 Bg7 33.Bd2 a5 34.Rf2 Kd6 35.Re2 Bd4 36.f5 gxf5
37.Bf4+ Kc6 38.Rg2 Rh5 39.Bd2 Kd6  0-1

[Event "Chigorin mem"]
[Site "St Petersburg"]
[Date "1995.??.??"]
[Round "2"]
[White "Romanovich, Leonid"]
[Black "Yuneev, Alexey"]
[Result "1-0"]
[WhiteElo "2215"]
[BlackElo "2415"]

1.e4 c5 2.c3 Nf6 3.e5 Nd5 4.d4 cxd4 5.Nf3 e6 6.cxd4 d6 7.Nc3 Nxc3 8.bxc3 Nd7
9.Bf4 Qc7 10.Rc1 dxe5 11.Bxe5 Nxe5 12.Nxe5 Bd6 13.Bb5+ Ke7 14.f4 f6 15.Qg4 Kd8
16.Qh4 Ba3 17.Rc2 g5 18.Qh6 Rf8 19.Nd3 a6 20.Ba4 Qc4 21.Nb2 Qxa2 22.O-O b5
23.Nd3 Qd5 24.c4 Qe4 25.Nf2 Qg6 26.Qh3 Bd6 27.Bb3 bxc4 28.Rxc4 gxf4 29.Rc6 Ke7
30.Bc2 Qe8 31.Be4 Ra7 32.Rxd6 Kxd6 33.Qa3+ Kd7 34.d5 Qe7 35.d6 Qxd6 36.Rd1 Qxd1+
37.Nxd1 Rf7 38.Nc3 Rc7 39.Na4 Kd8 40.Nb6 Rfe7 41.Qd6+ Ke8 42.Bf3 Rc1+ 43.Kf2 Rc2+
44.Ke1 Rc1+ 45.Kd2 Rcc7 46.Qxf4 Kf7 47.Qh6  1-0

[Event "St Petersburg op"]
[Site "St Petersburg"]
[Date "1995.??.??"]
[Round "6"]
[White "Romanovich, Leonid"]
[Black "Sivokho, Sergey"]
[Result "1/2-1/2"]
[WhiteElo "2190"]
[BlackElo "2395"]

1.e4 c5 2.c3 Nf6 3.e5 Nd5 4.d4 cxd4 5.Nf3 e6 6.cxd4 d6 7.Nc3 Nxc3 8.bxc3 Qc7
9.Bd2 Nd7 10.Bd3 dxe5 11.O-O g6 12.Re1 Bg7 13.Rc1 O-O 14.Nxe5 Nxe5 15.Bf4 b6
16.Bxe5 Bxe5 17.Rxe5 Bb7 18.h4 Rfd8 19.h5 Qe7 20.Qg4 Kg7 21.Rce1 Rd6 22.f4 Qf6
23.hxg6 hxg6 24.f5 exf5 25.Rxf5 Qd8 26.Ref1 Bd5 27.Qg3 b5 28.Qe5+ f6 29.Qg3 Bxa2
30.Rxb5 Bf7 31.Rb7 Rd7 32.Rxd7 Qxd7 33.Rxf6 Re8 34.Rd6 Re1+ 35.Kh2 Qe7 36.Rd7 Qxd7
37.Qxe1 Qd6+ 38.Qg3 Qf6 39.Kg1 a5 40.Qc7 Qe6 41.Kf2 a4 42.Qa5 Qa2+ 43.Ke3 a3
44.Qe5+ Kg8 45.Qb8+ Kh7 46.Qh2+ Kg7 47.Qe5+ Kf8 48.Qd6+ Kg7  1/2-1/2

[Event "Chigorin mem"]
[Site "St Petersburg"]
[Date "1995.??.??"]
[Round "8"]
[White "Romanovich, Leonid"]
[Black "Zitin, Yuri"]
[Result "1-0"]
[WhiteElo "2215"]
[BlackElo "2315"]

1.e4 c5 2.c3 Nf6 3.e5 Nd5 4.d4 cxd4 5.Nf3 Nc6 6.cxd4 d6 7.Nc3 e6 8.exd6 Bxd6
9.Bd3 Nf4 10.Bxf4 Bxf4 11.O-O O-O 12.Qe2 Bh6 13.Rad1 g6 14.Be4 Bg7 15.Bxc6 bxc6
16.Ne5 c5 17.d5 Qd6 18.Nc4 Qa6 19.d6 Bb7 20.Ne4 Bd5 21.b3 Rad8 22.Rd2 h6
23.Qe3 Qc6 24.f3 Rc8 25.Kh1 Rfd8 26.Rfd1 Kh7 27.Qd3 Bd4 28.Nc3 Rd7 29.Ne2 Bxc4
30.Qxc4 e5 31.f4 f6 32.fxe5 Bxe5 33.Nc3 Kg7 34.Ne4 Bd4 35.Qe6 f5 36.Rxd4 cxd4
37.Qe5+ Kf8 38.Qh8+ Kf7 39.Qh7+ Ke6 40.Qxg6+ Ke5 41.Qf6+ Kf4 42.Ng3 Qc5 43.Rf1+ Ke3
44.Qxh6+ Kd3 45.Rd1+  1-0

[Event "St Petersburg op"]
[Site "St Petersburg"]
[Date "1995.??.??"]
[Round "9"]
[White "Vlassov, Nikolai"]
[Black "Sherbakov, Vitaly S"]
[Result "1-0"]
[WhiteElo "2465"]
[BlackElo "2385"]

1.e4 c5 2.c3 Nf6 3.e5 Nd5 4.d4 cxd4 5.cxd4 Nc6 6.Nf3 d6 7.Bc4 e6 8.Qe2 Nb6
9.Bb3 d5 10.Nc3 a5 11.Bg5 Be7 12.Bxe7 Qxe7 13.Qb5 Qb4 14.a3 Qxb5 15.Nxb5 Ke7
16.a4 Bd7 17.Kd2 h6 18.Rac1 Rab8 19.Rc5 Rhf8 20.Re1 g5 21.h3 Nc8 22.Nh2 h5
23.Bd1 Rh8 24.Re3 N8a7 25.Nxa7 Nxa7 26.Rg3 Nc6 27.Nf3 b6 28.Rc3 Rbg8 29.Ke3 f6
30.exf6+ Kxf6 31.Rb3 g4 32.Nh4 Nb4 33.Rc3 e5 34.Rc7 Bc8 35.dxe5+ Kxe5 36.Rxc8 d4+
37.Kd2 Rxc8 38.Ng6+ Kd5 39.Nxh8 Rxh8 40.hxg4 hxg4 41.Rxg4 Rf8 42.f3 Kc4 43.Rg6 Re8
44.Rxb6 Re3 45.Rb5 Rd3+ 46.Kc1 Re3 47.Rxa5 Na2+ 48.Kd2 Rd3+ 49.Ke2 Re3+ 50.Kf2 Nc1
51.Rb5 Re7 52.Rb6 Nd3+ 53.Kg3 Rg7+ 54.Kh2 Ne1 55.g4 Kd3 56.Kg3 Kd2 57.Bb3 Re7
58.a5 d3 59.a6 Kc1 60.Rb7  1-0

[Event "Chigorin mem"]
[Site "St Petersburg"]
[Date "1995.??.??"]
[Round "9"]
[White "Cherniaev, Alexander"]
[Black "Neverov, Valeriy"]
[Result "1-0"]
[WhiteElo "2450"]
[BlackElo "2485"]

1.e4 c5 2.c3 Nf6 3.e5 Nd5 4.Nf3 e6 5.Bc4 Nc6 6.O-O d6 7.d4 cxd4 8.cxd4 Be7
9.Qe2 O-O 10.Qe4 dxe5 11.dxe5 b6 12.Bd3 g6 13.Bh6 Re8 14.Nbd2 Ndb4 15.Bc4 Bb7
16.Qf4 Nd3 17.Bxd3 Qxd3 18.Bg5 Nd4 19.Nxd4 Bxg5 20.Qxg5 Qxd4 21.Rfe1 Red8
22.Nf1 Qxb2 23.Ne3 Rac8 24.Rab1 Qc3 25.Red1 Rxd1+ 26.Rxd1 h5 27.h3 Qc7 28.Rd4 Re8
29.Rf4 Qd8 30.Qh6 Qd2 31.Nc4 Qd5 32.Qg5 Rc8 33.Nd6 Rf8 34.f3 Bc6 35.Qf6 Be8
36.Nxe8  1-0

[Event "SVK-chT"]
[Site "?"]
[Date "1995.??.??"]
[Round "?"]
[White "Kolcak, Marek"]
[Black "Dudas, Jan"]
[Result "1/2-1/2"]
[WhiteElo "2270"]
[BlackElo "2315"]

1.e4 c5 2.c3 Nf6 3.e5 Nd5 4.d4 cxd4 5.cxd4 d6 6.Nf3 e6 7.Bd3 Bd7 8.O-O Bc6
9.Re1 Be7 10.Nc3 Nxc3 11.bxc3 Nd7 12.Bf4 dxe5 13.Nxe5 Nxe5 14.Bxe5 Bf6 15.Bxf6 Qxf6
16.d5 Bxd5 17.Bb5+ Bc6 18.Bxc6+ bxc6 19.Qd6 Rc8 20.Rab1 Qd8 21.Rxe6+ fxe6
22.Qxe6+ Kf8 23.Qf5+ Kg8 24.Qe6+  1/2-1/2

[Event "SVK-chT"]
[Site "?"]
[Date "1995.??.??"]
[Round "?"]
[White "Habinak, Tomas"]
[Black "Gazik, Igor"]
[Result "0-1"]
[WhiteElo "2345"]
[BlackElo "2400"]

1.e4 c5 2.c3 Nf6 3.e5 Nd5 4.d4 cxd4 5.Nf3 Nc6 6.Bc4 e6 7.cxd4 d6 8.O-O Nb6
9.Bb3 Be7 10.Nc3 d5 11.Re1 Bd7 12.Bf4 Na5 13.Bc2 Nac4 14.b3 Bb4 15.bxc4 Bxc3
16.c5 Nc4 17.Re2 Bxa1 18.Qxa1 b6 19.Qd1 bxc5 20.dxc5 Qa5 21.Re1 h6 22.Nd4 Qxc5
23.Nb3 Qb4 24.Qe2 Rc8 25.Rb1 Na3 26.Qg4 Nxb1  0-1

[Event "SVK-chT"]
[Site "?"]
[Date "1995.??.??"]
[Round "?"]
[White "Habinak, Tomas"]
[Black "Ac, Michal"]
[Result "0-1"]
[WhiteElo "2345"]
[BlackElo "2260"]

1.e4 c5 2.c3 Nf6 3.e5 Nd5 4.d4 cxd4 5.Nf3 Nc6 6.cxd4 d6 7.Nc3 Nxc3 8.bxc3 dxe5
9.Nxe5 Nxe5 10.dxe5 Qxd1+ 11.Kxd1 Bg4+ 12.Kc2 O-O-O 13.Bc4 e6 14.Be3 Rd7
15.Kb3 Be7 16.f3 Bf5 17.Rhd1 Rhd8 18.Rd4 Kc7 19.Rad1 a6 20.a4 Kc6 21.g4 Bg6
22.Bb5+ axb5 23.axb5+ Kc7 24.Rc4+ Kb8 25.Ra1 Rd1 26.Ba7+ Ka8 27.Rxd1 Rxd1
28.b6 Rd8 29.Rc7 Bg5 30.c4 Bf4 31.c5 Bxe5 32.Re7 Bxh2 33.Kc4 Bb8 34.c6 bxc6
35.Rc7 Bxc7  0-1

[Event "SVK-chT2"]
[Site "?"]
[Date "1995.??.??"]
[Round "?"]
[White "Majzlan, Igor"]
[Black "Veselsky, Jozef"]
[Result "0-1"]
[WhiteElo "2175"]
[BlackElo "2225"]

1.e4 c5 2.c3 Nf6 3.e5 Nd5 4.d4 cxd4 5.Nf3 e6 6.cxd4 b6 7.Nc3 Nxc3 8.bxc3 Bb7
9.Bd3 Be7 10.O-O Qc8 11.Bg5 Nc6 12.Qe2 h6 13.Bxe7 Nxe7 14.Rac1 Qc6 15.Rfe1 Rc8
16.Bb5 Qc7 17.Nd2 O-O 18.Ne4 Nf5 19.h3 d6 20.g4 Bxe4 21.Qxe4 Ne7 22.Ba6 Rcd8
23.Bd3 g6 24.Qf4 Kh7 25.Bb1 dxe5 26.dxe5 f5 27.g5 h5 28.c4 Qc5 29.Rcd1 Nc6
30.Bd3 Rd4 31.Qf3 Rfd8 32.Bf1 Nxe5 33.Qe2 Rxd1 34.Rxd1 Rd4 35.Rc1 Rd2  0-1

[Event "SVK-chT2"]
[Site "?"]
[Date "1995.??.??"]
[Round "?"]
[White "Majzlan, Igor"]
[Black "Timoshchenko, Gennadi A"]
[Result "0-1"]
[WhiteElo "2175"]
[BlackElo "2520"]

1.e4 c5 2.c3 Nf6 3.e5 Nd5 4.d4 cxd4 5.Nf3 b6 6.cxd4 e6 7.Nc3 Nxc3 8.bxc3 Qc7
9.Bd2 d6 10.Bd3 Nd7 11.O-O dxe5 12.Re1 g6 13.Qa4 Bg7 14.Nxe5 O-O 15.Be4 Nxe5
16.Bxa8 Ng4 17.g3 Bd7 18.Qd1 Nxf2 19.Qf3 Ng4 20.h3 Nf6 21.Bf4 Qd8 22.Bc6 Bxc6
23.Qxc6 Nd5 24.Bd2 Qb8 25.Kh2 Rc8 26.Qd7 Nxc3 27.Bf4 Qa8 28.Be5 Rd8 29.Qc7 Nb5
30.Qe7 Bxe5 31.Rxe5 Nxd4 32.Re3 Nf5  0-1

[Event "SVK-chT2"]
[Site "?"]
[Date "1995.??.??"]
[Round "?"]
[White "Macekova, Martina"]
[Black "Majzlan, Igor"]
[Result "0-1"]
[WhiteElo "2125"]
[BlackElo "2175"]

1.e4 c5 2.c3 Nf6 3.e5 Nd5 4.d4 cxd4 5.Nf3 e6 6.cxd4 b6 7.Nc3 Nxc3 8.bxc3 Qc7
9.Qb3 Nc6 10.Bd2 Bb7 11.Be2 Be7 12.O-O Na5 13.Qa4 Bc6 14.Qc2 Bd5 15.Ng5 Qc6
16.f3 Bc4 17.Bxc4 Nxc4 18.Ne4 Rc8 19.Rae1 O-O 20.f4 f5 21.exf6 Bxf6 22.Rf3 d5
23.Nf2 g6 24.Kh1 Bh4 25.g3 Bf6 26.Rf1 Nd6 27.Qd3 Bg7 28.Re1 Nc4 29.Nh3 Rfe8
30.g4 Bf6 31.Rg1 Kh8 32.g5 Bg7 33.Nf2 Nd6 34.Rh3 Kg8 35.Ng4 Ne4 36.Rg2 Qc4
37.Qb1 Rf8 38.Rf3 Qc7 39.Qd3 Qc4 40.Qb1 b5 41.h4 Rb8 42.h5 b4 43.Nh6+ Bxh6
44.gxh6 bxc3 45.Qg1 cxd2 46.hxg6 Qc1 47.Rf1 Qc3 48.gxh7+ Kh8 49.Kh2 d1=Q
50.Rxd1 Rb2 51.a4 Rf6  0-1

[Event "SWZ-chT"]
[Site "SWZ"]
[Date "1995.??.??"]
[Round "4"]
[White "Ekstroem, Roland"]
[Black "Ballmann, Martin"]
[Result "0-1"]
[WhiteElo "2435"]
[BlackElo "2345"]

1.e4 c5 2.c3 Nf6 3.e5 Nd5 4.d4 cxd4 5.cxd4 d6 6.Bc4 Nb6 7.Bb5+ Bd7 8.e6 Bxb5
9.Qh5 Qc8 10.Qxb5+ Kd8 11.Be3 fxe6 12.Nc3 Qc4 13.Qg5 Nd5 14.Nge2 Nxc3 15.Nxc3 Nc6
16.O-O-O g6 17.Rd2 Bg7 18.Rhd1 Rc8 19.Kb1 Bf6 20.Qg3 Nb4 21.Bg5 Bxg5 22.Qxg5 Nd5
23.Ne4 Kd7 24.Qg4 Rc6 25.Re1 Rhc8 26.Qd1 Qb4 27.Qe2 Nf4 28.Qf1 Nxg2 29.a3 Qb3
30.Nc5+ Rxc5 31.dxc5 Nxe1 32.Qxe1 Rxc5 33.Qe4 Rg5 34.Qh1 Rd5 35.Rxd5 Qxd5
36.Qg1 Qe4+ 37.Ka1 Qd4 38.Qf1 a6 39.f4 Qe4 40.Qh3 Qxf4 41.Qxh7 Qf1+ 42.Ka2 Qd3
43.h4 e5 44.h5 Qd5+  0-1